| 000 | 00793nam a2200277 u 4500 | ||
|---|---|---|---|
| 001 | 657221 | ||
| 005 | 20260506090240.0 | ||
| 008 | 010406s2001 spa | ||
| 020 | _a958958831X | ||
| 035 | _a657221 | ||
| 035 | _a(OCoLC)318216169 | ||
| 040 | _ccomduadb | ||
| 041 | _aspa | ||
| 080 | _aO | ||
| 082 | 4 | _a658 | |
| 100 | 1 | 0 |
_aToro Alvarez, Fernando _4aut _eaut _9256206 |
| 245 | 1 | 3 | _aEl clima organizacional : perfil de empresas colombianas |
| 260 |
_aMedellín : _bCincel, _c2001. |
||
| 300 |
_a159 páginas : _bilustraciones |
||
| 650 |
_aClima organizacional _950136 |
||
| 650 |
_aEmpresas _91829 |
||
| 650 | 7 |
_aCultura organizacional _2armarc _931498 |
|
| 650 | 7 |
_aCompetitividad _2lemb _937811 |
|
| 650 |
_aSatisfacción en el trabajo _938459 |
||
| 942 | _cBOOK | ||
| 999 |
_c187329 _d187329 |
||